000 00994nas a2200289 4500
001 BR2013006192
003 BR-BrBNA
005 20231205122741.0
007 ta
008 230509b bl.|||p| |||| 00| 00por d
040 _aBR-BrBNA
_bpor
_cBiblioteca Nacional de Agricultura
041 _a(Pt)
072 _aP33
100 1 _aLima, C.G. da R.
100 1 _aCarvalho, M. de P. e
100 1 _aNarimatsu, K.C.P.
100 1 _aSilva, M.G. da
100 1 _aQueiroz, H.A.
245 1 _aAtributos físico-químicos de um latossolo do cerrado brasileiro e sua relação com características dendrométricas do eucalipto
650 _aANÁLISE DO SOLO
650 _aEUCALIPTO
650 _aPROPRIEDADE FÍSICO-QUÍMICA
773 0 _tRevista Brasileira de Ciência do Solo (Brazil)
_xISSN 0100-0683
_g(Jan-Feb 2010), v. 34(1) p. 163-173
_wBR2013006192
856 4 0 _uhttp://www.scielo.br/pdf/rbcs/v34n1/a17v34n1.pdf
909 _a202311
_bLúcia
_c55
_dLúcia Elande
942 _2AGRIS
_n0
_cANA
999 _c230340
_d230340